Učitavanje...
Collins Dictionary and Thesaurus
| Glavni autor: | |
|---|---|
| Format: | Printed Book |
| Izdano: |
U K
HarperCollins
2013
|
| LEADER | 00388nam a22001217a 4500 | ||
|---|---|---|---|
| 020 | |a 9780007894758 | ||
| 082 | |a 423 |b COL | ||
| 100 | |a Collins William | ||
| 245 | |a Collins Dictionary and Thesaurus | ||
| 260 | |a U K |b HarperCollins |c 2013 | ||
| 942 | |c BK | ||
| 999 | |c 8850 |d 8850 | ||
| 952 | |0 0 |1 0 |4 0 |6 423_000000000000000_COL |7 0 |8 REF |9 10757 |a CAMPUS |b CAMPUS |d 2016-07-20 |l 0 |o 423 COL |p 22406 |r 2016-07-20 |w 2016-07-20 |y BK | ||